000 00731nam a2200181 a 4500
001 000042624
005 20201002040300.0
008 140203s1882 sp 000 0 spa d
040 _aDO-SdBNP
_bspa
_cBNPHU
082 _axxx
_bxxx
100 1 _aJenofonte
_962993
245 1 0 _aHistoria de la entrada de Cyro el Menor en el asia /
_cXenofonte. Trasladada de griego en castellano por Diego Gracián y enmendada la traducción castellana por el licenciado D. Casimiro Flórez Canseco.
260 _aMadrid :
_bLuis Navarro,
_c1882.
300 _axxxiv, 316 p. ;
_c17 cm.
490 1 _aBiblioteca clásica
_v46
500 _aIncluye referencia bibliográfica y notas al pie de las páginas
830 0 _aBiblioteca clásica ;
_n46
_969886
999 _c42113
_d42113